00337cam a22001217a 4500008004000000082001400040100002100054245005500075260003500130300001000165650002400175650001600199180718b2008 xxu||||| |||| 00| 0 eng d aT471 M454 aMayo, Herbert B. aAn introduction to investmentscBy Herbert B. Mayo aBrazilbclengage lerningc2008 a775p. aInvestment analysis aInvestments